000 00797cam a2200265 a 4500
008
020 _a1857151720 (hbk.)
049 _aMAIN
050 0 0 _aPR6045.A97
_bWAU
100 1 _aWaugh, Evelyn.
245 1 0 _aBrideshead revisited /
_cEvelyn Waugh ; with an introduction by Frank Kermode.
260 _aLondon :
_b David Campbell publishers ,
_cc1993.
300 _axxxvii, 315 p. ;
_c21 cm.
490 0 _aEveryman's library ;
_v172.
650 0 _aUpper class families
_vFiction.
650 0 _aMale friendship
_vFiction.
650 0 _aCatholics
_vFiction.
651 0 _aEngland
_vFiction.
655 _aDomestic fiction.
907 _a.b10329110
_b16-04-13
_c16-04-13
003
005 20230123122006.0
040 _cNUST
942 _cBOOKS
999 _c125942
_d125942